[Event "Bratto op 25th"]
[Site "Bratto"]
[Date "2005.08.22"]
[Round "3"]
[White "Mosconi, Ariel Oscar"]
[Black "Cardini, Saverio"]
[Result "1-0"]
[WhiteElo "2102"]
[BlackElo "2010"]
[PlyCount "35"]
[EventDate "2005.08.20"]
[EventType "swiss"]
[EventRounds "9"]
[EventCountry "ITA"]
[SourceTitle "CBM 108 Extra"]
[Source "ChessBase"]
[SourceDate "2005.11.04"]
[SourceVersion "1"]
[SourceVersionDate "2005.11.04"]
[SourceQuality "1"]

1. e4 e5 2. Nf3 Nc6 3. Be2 Nf6 4. d4 exd4 5. e5 Ng4 6. 0-0 Ngxe5 7. Nxe5 Nxe5 8. Qxd4 Nc6 9. Qc3 d5 10. Bb5 Bd7 11. Bxc6 Bxc6 12. Re1+ Kd7 13. Qh3+ Kd6 14. Bf4+ Kc5 15. Qc3+ Kb6 16. Be3+ Ka6 17. a4 Qh4 18. Nd2 1-0

[Event "Lodi op 1st"]
[Site "Lodi"]
[Date "2005.06.11"]
[Round "3"]
[White "Astengo, Marcello"]
[Black "Cardini, Saverio"]
[Result "1-0"]
[WhiteElo "2120"]
[BlackElo "2010"]
[PlyCount "61"]
[EventDate "2005.06.10"]
[EventType "swiss"]
[EventRounds "5"]
[EventCountry "ITA"]
[SourceTitle "EXT 2007"]
[Source "ChessBase"]
[SourceDate "2006.11.23"]
[SourceVersion "1"]
[SourceVersionDate "2006.11.23"]
[SourceQuality "1"]

1. d4 d5 2. c4 e6 3. Nc3 c6 4. cxd5 exd5 5. Qc2 Bd6 6. Nf3 Ne7 7. Bg5 f6 8. Bh4 Bf5 9. Qd2 Nd7 10. Bg3 Nb6 11. b3 g5 12. e3 h5 13. Be2 h4 14. Bxd6 Qxd6 15. h3 Kf7 16. Nh2 Ng6 17. 0-0 Rag8 18. Rad1 Nc8 19. Ng4 Qd7 20. e4 Bxe4 21. Nxe4 dxe4 22. Bc4+ Kg7 23. Bxg8 Rxg8 24. d5 cxd5 25. Qxd5 Qxd5 26. Rxd5 Nb6 27. Rd6 f5 28. Ne3 Rf8 29. Rc1 Rf7 30. a4 Nf4 31. Rc5 1-0

[Event "Melegnano op 4th"]
[Site "Melegnano"]
[Date "2005.02.26"]
[Round "2"]
[White "Nieus, Thierry"]
[Black "Cardini, Saverio"]
[Result "1-0"]
[WhiteElo "2209"]
[BlackElo "2003"]
[PlyCount "51"]
[EventDate "2005.02.25"]
[EventType "swiss"]
[EventRounds "5"]
[EventCountry "ITA"]
[SourceTitle "EXT 2007"]
[Source "ChessBase"]
[SourceDate "2006.11.23"]
[SourceVersion "1"]
[SourceVersionDate "2006.11.23"]
[SourceQuality "1"]

1. e4 e5 2. Nf3 Nc6 3. Be2 Nf6 4. d4 exd4 5. e5 Ng4 6. Nxd4 Ngxe5 7. 0-0 Nxd4 8. Qxd4 Qf6 9. Be3 c6 10. c4 Be7 11. Nc3 Ng6 12. Qd2 Qd6 13. Qc2 Nf4 14. Bf3 0-0 15. Rfe1 Qg6 16. Qd2 Nh3+ 17. Kh1 Ng5 18. Be2 d6 19. f4 Ne4 20. Nxe4 Qxe4 21. Bd3 Qe6 22. Bxa7 Qd7 23. Bd4 b5 24. cxb5 cxb5 25. Qe2 Bh4 26. Qh5 1-0

[Event "Bratto op 24th"]
[Site "Bratto"]
[Date "2004.08.25"]
[Round "6"]
[White "Cardini, Saverio"]
[Black "Agnelli, Francesco"]
[Result "0-1"]
[WhiteElo "2026"]
[BlackElo "2097"]
[PlyCount "82"]
[EventDate "2004.08.20"]
[EventType "swiss"]
[EventRounds "9"]
[EventCountry "ITA"]
[SourceTitle "CBM 101 Extra"]
[Source "ChessBase"]
[SourceDate "2004.09.01"]
[SourceVersion "2"]
[SourceVersionDate "2004.09.01"]
[SourceQuality "1"]

1. d4 Nf6 2. Nf3 c5 3. e3 g6 4. Bd3 Bg7 5. c3 b6 6. Qe2 0-0 7. 0-0 Bb7 8. Nbd2 d6 9. Re1 Nbd7 10. e4 e5 11. Nc4 Qc7 12. d5 b5 13. Na3 c4 14. Bb1 a6 15. Be3 Nc5 16. Bxc5 Qxc5 17. Qd2 Ng4 18. h3 Bh6 19. Qc2 Nf6 20. b4 cxb3 21. Qxb3 Rac8 22. c4 bxc4 23. Qxb7 Qxa3 24. Bc2 Nh5 25. Reb1 Nf4 26. Kf1 Nxh3 27. Nxe5 dxe5 28. gxh3 Qxh3+ 29. Ke2 Qc3 30. Qb2 Qd2+ 31. Kf1 Rfd8 32. Rd1 Qf4 33. Qb6 Qh4 34. Qxa6 Bf8 35. Ke2 Bc5 36. Rf1 Qg4+ 37. Kd2 Bb4+ 38. Ke3 Rd6 39. Qa4 Qf4+ 40. Ke2 Qd2+ 41. Kf3 Rf6+ 0-1

[Event "Bratto op 24th"]
[Site "Bratto"]
[Date "2004.08.24"]
[Round "5"]
[White "Gangemi, Salvatore"]
[Black "Cardini, Saverio"]
[Result "0-1"]
[WhiteElo "2085"]
[BlackElo "2026"]
[PlyCount "120"]
[EventDate "2004.08.20"]
[EventType "swiss"]
[EventRounds "9"]
[EventCountry "ITA"]
[SourceTitle "CBM 101 Extra"]
[Source "ChessBase"]
[SourceDate "2004.09.01"]
[SourceVersion "2"]
[SourceVersionDate "2004.09.01"]
[SourceQuality "1"]

1. c4 g6 2. Nf3 Bg7 3. d4 d6 4. Nc3 Bg4 5. e3 Nd7 6. Be2 c6 7. h3 Bxf3 8. Bxf3 Ngf6 9. e4 e5 10. 0-0 0-0 11. Be3 Qc7 12. Re1 Rad8 13. Qa4 exd4 14. Bxd4 Nxe4 15. Bxg7 Nec5 16. Qa3 Kxg7 17. b4 Ne6 18. Red1 Ne5 19. Be2 Qb8 20. g3 f6 21. f4 Nf7 22. Bf3 Nh6 23. Kg2 Nf5 24. Ne2 Rfe8 25. Bg4 Nh6 26. Rd2 Kf7 27. Rad1 Ng7 28. Bf3 Nhf5 29. Rd3 Qc7 30. R1d2 Qe7 31. Kf2 h5 32. b5 Qc7 33. g4 hxg4 34. hxg4 Nh4 35. Qxa7 Nxf3 36. Kxf3 Ne6 37. b6 Qe7 38. Qa3 Nc5 39. Rd4 Ra8 40. Qc1 Qe3+ 41. Kg2 Ne4 42. Qg1 Nxd2 43. Qxe3 Rxe3 44. Rxd2 Raa3 45. Kf2 Red3 46. Rc2 Ke7 47. Rb2 c5 48. Rc2 Kd7 49. Kg2 Kc6 50. Rb2 Ra4 51. Rc2 Raa3 52. Rc1 Rxa2 53. Kf2 Rb2 54. g5 fxg5 55. fxg5 Rdd2 56. Re1 Kxb6 57. Kf3 Rxe2 58. Rxe2 Rxe2 59. Kxe2 Ka5 60. Ke3 Kb4 0-1

[Event "Melegnano op 3rd"]
[Site "Melegnano"]
[Date "2004.02.15"]
[Round "4"]
[White "Dallaglio, Giovanni"]
[Black "Cardini, Saverio"]
[Result "0-1"]
[WhiteElo "2023"]
[BlackElo "1896"]
[PlyCount "62"]
[EventDate "2004.02.13"]
[EventType "swiss"]
[EventRounds "5"]
[EventCountry "ITA"]
[SourceTitle "EXT 2008"]
[Source "ChessBase"]
[SourceDate "2007.11.25"]
[SourceVersion "1"]
[SourceVersionDate "2007.11.25"]
[SourceQuality "1"]

1. d4 g6 2. e4 Bg7 3. Nc3 d6 4. g3 Nc6 5. Be3 e5 6. Nge2 Bg4 7. Qd2 Bf3 8. Rg1 h6 9. Bg2 Bxg2 10. Rxg2 Qd7 11. f3 exd4 12. Nxd4 Ne5 13. Qe2 a6 14. a4 Ne7 15. g4 g5 16. Nd5 Nxd5 17. exd5 0-0-0 18. Nf5 Bf6 19. Kf2 h5 20. h3 hxg4 21. hxg4 Rh3 22. Rg3 Rdh8 23. Ra3 Ng6 24. Rxh3 Rxh3 25. Kg2 Rh8 26. b4 Qe8 27. Qd2 Qe5 28. f4 Qe4+ 29. Kg3 gxf4+ 30. Bxf4 Nxf4 31. Re3 Rh3+ 0-1

[Event "Melegnano op 3rd"]
[Site "Melegnano"]
[Date "2004.02.14"]
[Round "2"]
[White "Pelizzola, Danilo"]
[Black "Cardini, Saverio"]
[Result "1-0"]
[WhiteElo "2125"]
[BlackElo "1896"]
[PlyCount "45"]
[EventDate "2004.02.13"]
[EventType "swiss"]
[EventRounds "5"]
[EventCountry "ITA"]
[SourceTitle "EXT 2008"]
[Source "ChessBase"]
[SourceDate "2007.11.25"]
[SourceVersion "1"]
[SourceVersionDate "2007.11.25"]
[SourceQuality "1"]

1. e4 g6 2. d4 Bg7 3. Nf3 d6 4. Bd3 Nc6 5. c3 e5 6. Be3 f5 7. dxe5 dxe5 8. Qc2 f4 9. Bc5 Be6 10. Nbd2 h6 11. Bc4 Bxc4 12. Nxc4 Qd7 13. Rd1 Qf7 14. Qb3 Rb8 15. Rd5 Nge7 16. Ncxe5 Qe6 17. Bxe7 Nxe5 18. Nxe5 Bxe5 19. Qb5+ c6 20. Rxe5 Qxa2 21. Ba3+ Kf7 22. Re7+ Kg8 23. Qd3 1-0